00389nam a2200133Ia 4500008004100000020001800041041001200059100001700071245010100088250000900189260003100198300000900229650001700238221030s9999 xx 000 0 und d a9788131265284 aEnglish aR. Banumathi 0aDurga Das Basu: Shorter Constitution of India 16th Ed. Vol. I Articles 1 to 151cby R. Banumathi a16th bLexis NexisaGurgaonc2022 a1154 aConstitution